000 00450nam a2200169Ia 4500
008 230711s9999||||xx |||||||||||||| ||und||
041 _aENG
082 _a720
_bME-N
100 _aMirko,Mejetta
245 0 _aNatural home style : Using simple materials, plantings and sunlight
250 _a1st Ed.
260 _c1985
_aNew York
_bWhitney Library of Design 
300 _a127
650 _aArchitecture
700 _aSpada,Simonetta
942 _cBK
999 _c1922
_d1922